Биологични основи на паркоустройството (Запис номер 127194)
[ съкратено ]
| 000 -Лидер | |
|---|---|
| Контролно поле с фиксирана дължина | nam a22 a 4500 |
| 003 - Код на организацията, давaща контролен номер | |
| Контролно поле | BLK |
| 005 - Дата и час на последна редакция | |
| Контролно поле | 20221202140653.0 |
| 008 - Елементи от данни с фиксирана дължина | |
| fixed length control field | 180409b bul|||||r ||||||| ||bul|| |
| 010 ## - Наследен системен номер | |
| LC control number | KNG00132896000 |
| 040 ## - Източник на каталожния запис | |
| Идентификатор на билиотеката - собственик на записа | BLK |
| 041 ## - Код за език | |
| Код за езика на текст/звукозапис или на отделно заглавие | Български |
| Код за езика КДБФ | Български |
| 080 ## - УДК | |
| Текстов определител УДК | Условия на обкръжаващата среда. Биология на гората |
| УДК код - определител по УДК | 630.1 |
| УДК - код + определител | 630.1 |
| 080 ## - УДК | |
| Текстов определител УДК | Озеленяване. Растения. Растителни форми. Планове за озеленяване (Вж и 630 ; 635.9) |
| УДК код - определител по УДК | 712.4 |
| УДК - код + определител | 712.4 |
| 100 1# - Редна дума - Автор | |
| Автор | Колева, Първолета |
| Авторска отговорност | първи автор |
| R(LIN) | 309235 |
| 139 ## - Редно поле | |
| Редна дума | Биологични основи на паркоустройството |
| Авторски знак | Био - Б 45 |
| 245 10 - Сведения за заглавието | |
| Заглавие | Биологични основи на паркоустройството |
| Подзаглавни данни | Изследване |
| Редно поле (дума) | Първолета Колева. |
| 257 ## - Страна на издаване | |
| Страна на създаване/издаване | България |
| 260 ## - Област на издателските данни | |
| Място на издаване, разпространение и проч. | София |
| Име на издателя, разпространителя и проч. | Земиздат |
| Година на издаване | 1980 |
| Печатница | Хасково : Ат. Стратиев |
| 300 ## - Физическа характеристика | |
| Страници | 220 с. |
| Илюстрации и др. | с ил., табл. |
| Размери/Мащаб | 20 см |
| 380 ## - Жанр | |
| Жанр | Селско стопанство |
| 500 ## - Общи забележки | |
| Забележка | Други авт. : Иван В. Михов, Илия Вакарелов и Димитър Павлов. - 1 700 тир. - Библиогр. с. 214-217. |
| 650 #4 - Допълнително описание по предмет – тема | |
| Основно описание – тема или топоним | Паркове и градини |
| 9 (RLIN) | 320574 |
| 653 ## - Ключова дума – ненормативна | |
| Ключова дума | паркове |
| 653 ## - Ключова дума – ненормативна | |
| Ключова дума | градини |
| 852 ## - Местоположение | |
| Форматна сигнатура | Цб 104017 |
| 856 4# - Електронен адрес и достъп | |
| Електронен формат | pdf - файл |
| Инструкция (цена за достъп) | 0.00 |
| Права за достъп | disable |
| 856 4# - Електронен адрес и достъп | |
| Електронен формат | pdf - файл |
| Инструкция (цена за достъп) | 0.00 |
| Права за достъп | disable |
| 999 ## - СИСТЕМНИ КОНТРОЛНИ НОМЕРА | |
| Koha biblionumber | 127194 |
| Koha biblioitemnumber | 127194 |
| 942 ## - АРТИКУЛИ | |
| Вид на библиотечния материал | Книги |
| Скрит в OPAC | Не |
| Koha issues (borrowed), all copies | 1 |
| Периодичен библиозапис | Да |
| 944 ## - СЪЗДАВАНЕ И РЕДАКЦИЯ на ЗАПИСА | |
| Създаване/Редакция | Създаване |
| Дата на регистрацията/редакция | 16.08.2012 |
| Статус, дата на статуса | 16.08.2012 - от С1,Р / 16.08.2012 |
| Служител, извършил регистрацията/редакцията | Правда_Бадева |
| 944 ## - СЪЗДАВАНЕ И РЕДАКЦИЯ на ЗАПИСА | |
| Създаване/Редакция | Редакция |
| Дата на регистрацията/редакция | 2022-12-02 |
| Статус, дата на статуса | 2022-12-02 |
| Служител, извършил регистрацията/редакцията | ир |
| 999 ## - СИСТЕМНИ КОНТРОЛНИ НОМЕРА | |
| Koha biblioitemnumber | 127194 |
| Код за отписване | Код за изгубен артикул | Източник на класификационната схема | Код за повреда | Коз за рестрикции | Код за отдаване | Артикулен № | Име на библиотеката - собственик | Име на библиотеката, в която се намира в момента | Статус (Текущо местоположение) | Дата на вписване в системата | Местоположение - отдел | Цена в лева | Инвентарен номер | Систематично азбучна сигнатура | Баркод | Номер на екземпляра | Цена в евро | Служебна бележка | Служебен тип на артикула |
|---|---|---|---|---|---|---|---|---|---|---|---|---|---|---|---|---|---|---|---|
| Не е изгубен | Universal Decimal Classification | Не е повреден | само за читалня | ползва се в читалня | 206965 | Регионална библиотека "Любен Каравелов" Русе | Регионална библиотека "Любен Каравелов" Русе | Хранилище | 1980-01-01 | Хранилище | 0.98 | 306782 | Цб 104017 | 120000306782 | 1 | 0.50 | N: стар фонд Дата: 01.01.1980 | Книги | |
| Изтеглен | Не е изгубен | Universal Decimal Classification | Не е повреден | без рестрикции | заемане за дома | 206966 | Регионална библиотека "Любен Каравелов" Русе | Регионална библиотека "Любен Каравелов" Русе | Заемна - подръчен фонд | 1980-01-01 | Заемна - подръчен фонд | 0.98 | 307381 | П 630.1/Б 45 | 307381 | 2 | 0.50 | N: стар фонд Дата: 01.01.1980 Дата инв: 06.02.2018 Бележки инв: П2018 | Книги |